000
00288nam a22001337a 4500
008
181226b xxu||||| |||| 00| 0 eng d
020
_a
9781847192509
041
_a
eng
080
_a
370
100
_a
47
101
_a
EDU
245
_a
Learning J Query
_c
Jonathan.CH
942
_2
udc
_c
BK
999
_c
53764
_d
53764